Vista normal
Vista MARC
Entrada Materia (personas)
Número de registros utilizados en: 7
001 - CONTROL NUMBER
- control field: 98136
003 - CONTROL NUMBER IDENTIFIER
- control field: Co-BoUCM
005 - DATE AND TIME OF LATEST TRANSACTION
- control field: 20190823153558.0
008 - FIXED-LENGTH DATA ELEMENTS
- fixed length control field: 190823|| aca||aabn | a|a d
040 ## - CATALOGING SOURCE
- Original cataloging agency: Co-BoUCM
- Transcribing agency: Co-BoUCM
100 ## - HEADING--PERSONAL NAME
- Personal name: Gordillo, Agustin Alberto
- Dates associated with a name: 1938-
670 ## - SOURCE DATA FOUND
- Source citation: Work cat.: (Co-BoUCM)28983: Gordillo, Agustin Alberto 1938-, Tratado de derecho administrativo, 2001